000 00354nam a2200145Ia 4500
008 220104s9999 xx 000 0 und d
100 _aGeorge K T
245 0 _aBy-products and ancillary sources of income
650 _aBy-products
650 _aRubber seed
650 _aRubber seed oil
700 _aNehru C R
700 _aReghu C P
942 _cBE
999 _c47653
_d47653